000 00835nam a2200265 i 4500
003 DO-SdBNP
005 20251015102703.0
007 ta
008 251015b2009 xxu||||| |||| 00| 0 spa d
020 _a1440472432
040 _aDO-SdBNP
_bspa
_cBNPHU
_erda
041 _aspa
082 4 _axxx
_bxxx
_222
100 _aTerc, Nemén Michel,
_eautor
_4aut.
_925878
245 1 0 _aAntología poética /
_cNemé Michel Terc ; prólogo, Andrés Avelino
264 1 _aFlorida :
_bEdiciones Mundiales,
_c2009.
336 _atexto
_btxt
_2rdacontent
337 _asin mediación
_bn
_2rdamedia
338 _avolumen
_bnc
_2rdacarrier
500 _aIncluye datos biográficos del autor en la contracubierta
590 _aInventariado, 2025/BT
700 _aAvelino, Andrés,
_eprologuista
_4pr.
_988705
910 _aBtavárez
942 _2ddc
_cLBS1
999 _c59957
_d59957